000 00747cam a22002653a 4500
001 19005
003 PGUSA
005 20140828083413.0
008 060807s2006||||xxu|||||s|||||000 p eng d
040 _aPGUSA
_beng
042 _adc
050 4 _aPS
100 1 _aWhitney, Helen Hay,
_d1875-1944
245 1 4 _aThe Rose of Dawn :
_bA Tale of the South Sea
_h[electronic resource] /
_cHelen Hay Whitney
260 _bProject Gutenberg,
_c2006
500 _aIn verse.
506 _aPublic domain in the USA.
516 _aElectronic text
653 _aPoetry
653 _aOceania -- Fiction
700 1 _aLa Farge, John,
_d1835-1910
830 0 _aProject Gutenberg
_v19005
856 4 0 _uhttp://www.gutenberg.org/ebooks/19005
942 _cEB
999 _c248260
_d248260